| 000 | 00719nam a2200241 a 4500 | ||
|---|---|---|---|
| 001 | 73723 | ||
| 003 | BD-RjUL | ||
| 005 | 20211209082434.0 | ||
| 008 | 170607s1959 nyua 001 0 eng d | ||
| 035 | _a(BD-RjUL)73941 | ||
| 040 |
_aDLC _cODaWU _dUk _dNGvP _dDLC _dBD-RjUL _beng |
||
| 041 | _aeng | ||
| 082 |
_223 _a650 _bMUI 1959 |
||
| 100 | 1 |
_aMusselman, Vernon A. _9218232 |
|
| 245 | 1 | 0 |
_aIntroduction to modern business / _cVernon A. Musselman. |
| 250 | _a3d ed. | ||
| 260 |
_aEnglewood Cliffs, N.J. : _bPrentice-Hall, _c1959 [printing 1960] |
||
| 300 |
_a630 p. : _bill. ; _c24 cm. |
||
| 500 | _aIncludes index. | ||
| 650 | 0 |
_aBusiness. _9218233 |
|
| 700 | 1 |
_aHughes, Eugene Harley _d1908- _9218234 |
|
| 942 |
_2ddc _cBK |
||
| 999 |
_c73723 _d73723 |
||